MAJOR US CITIES AND AIRPORT CODES - Statistics

General Stats
  • This quiz has been taken 277 times
  • The average score is 33 of 52
Answer Stats
LOCATION Answer % Correct
ATLANTA HARTSFIELD-JACKSON INT'L ATL
97%
BOSTON LOGAN INTERNATIONAL BOS
94%
ANCHORAGE TED STEVENS ANCHORAGE INTERNATIONAL AIRPORT ANC
90%
AUSTIN- BERGSTROM INTERNATIONAL AUS
90%
DENVER INTERNATIONAL AIRPORT DEN
88%
DALLAS/FT. WORTH INTERNATIONAL DFW
85%
CHICAGO O'HARE INTERNATIONAL ORD
83%
LOS ANGELES INTERNATIONAL LAX
82%
MIAMI INTERNATIONAL MIA
82%
BALTIMORE/WASHINGTON INTERNATIONAL BWI BWI
80%
NEW YORK JOHN F. KENNEDY INTERNATIONAL JFK
78%
CLEVELAND HOPKINS INTERNATIONAL CLE
76%
LAS VEGAS MCCARRAN INTERNATIONAL LAS
76%
CHARLOTTE DOUGLAS INTERNATIONAL CLT
74%
PHOENIX SKY HARBOR INTERNATIONAL PHX
74%
MINNEAPOLIS/ST. PAUL INTERNATIONAL MSP
73%
MEMPHIS INTERNATIONAL MEM
72%
INDIANAPOLIS INTERNATIONAL IND
71%
PITTSBURGH INTERNATIONAL PIT
71%
SAN FRANCISCO INTERNATIONAL SFO
71%
SALT LAKE CITY INTERNATIONAL SLC
70%
CHICAGO MIDWAY AIRPORT MDW
69%
NEW YORK LAGUARDIA INTERNATIONAL LGA
68%
OAKLAND METROPOLITAN OAKLAND INTERNATIONAL OAK
68%
SEATTLE-TACOMA SEATAC AIRPORT SEA
68%
HAWAII HONOLULU INTERNATIONAL HNL
66%
PHILADELPHIA INTERNATIONAL PHL
66%
DETROIT METROPOLITAN WAYNE COUNTY AIRPORT DTW
61%
NEWARK LIBERTY INTERNATIONAL EWR
61%
HOUSTON WILLIAM P. HOBBY HOU
61%
ORLANDO INTERNATIONAL MCO
61%
ONTARIO INTERNATIONAL ONT
61%
SAN DIEGO LINDERBERGH FIELD INTERNATIONAL SAN
61%
ST. LOUIS LAMBERT -ST. LOUIS AIRPORT STL
59%
FORT LAUDERDALE FLL
55%
HOUSTON GEORGE BUSH INTERNATIONAL IAH
55%
PORTLAND INTERNATIONAL PDX
55%
TAMPA INTERNATIONAL TPA
54%
NEW ORLEANS LOUIS ARMSTRONG INTERNATIONAL MSY
53%
WASHINGTON D.C RONALD REAGAN DCA
52%
WASHINGTON D.C DULLES INTERNATIONAL IAD
52%
RALEIGH-DURHAM RDU
51%
NASHVILLE INTERNATIONAL BNA
45%
CINCINNATI/NORTHERN KENTUCKY INTERNATIONAL CVG
45%
KANSAS CITY INTERNATIONAL MCI
44%
SAN ANTONIO INTERNATIONAL SAT
41%
HARTFORD BRADLEY INTERNATIONAL BDL
34%
COLUMBUS PORT COLUMBUS INTERNATIONAL CMH
34%
SAN JOSE MINETA SAN JOSE' INTERNATIONAL SJC
34%
FORT MYERS SOUTHWEST FLORIDA INTERNATIONAL RSW
32%
SACRAMENTO INTERNATIONAL SMF
28%
SANTA ANA JOHN WAYNE AIRPORT SNA
28%
No matching quizzes found
Score Distribution
Percent of People with Each Score
Percentile by Number Answered
Your Score History
You have not taken this quiz